[Event "Wch U12 blitz"]
[Site "Batumi"]
[Date "2023.06.11"]
[Round "9"]
[White "Radzimski, Antoni"]
[Black "Sobirov, Afruzbek"]
[Result "1-0"]
[WhiteElo "2028"]
[BlackElo "1213"]
[PlyCount "26"]
[EventDate "2023.06.10"]
[EventType "swiss (blitz)"]
[EventRounds "11"]
[EventCountry "GEO"]
[SourceTitle "EXT 2024"]
[Source "ChessBase"]
[SourceDate "2023.10.10"]
[SourceVersion "1"]
[SourceVersionDate "2023.10.10"]
[SourceQuality "1"]
[WhiteTeam "Poland"]
[BlackTeam "Uzbekistan"]
[WhiteTeamCountry "POL"]
[BlackTeamCountry "UZB"]

1. e4 e6 2. d3 d5 3. Nd2 Nf6 4. Ngf3 dxe4 5. dxe4 Bc5 6. Bd3 Nc6 7. 0-0 0-0 8. Nb3 Bb6 9. Bg5 e5 10. Qe2 Be6 11. Bb5 Qe7 12. c4 h6 13. Bh4 g5 1-0

[Event "World School-ch U11"]
[Site "Rhodes"]
[Date "2023.04.17"]
[Round "4"]
[White "Petroff, Vlad"]
[Black "Sobirov, Afruzbek"]
[Result "1-0"]
[WhiteElo "1532"]
[BlackElo "1379"]
[PlyCount "107"]
[EventDate "2023.04.14"]
[EventType "swiss"]
[EventRounds "9"]
[EventCountry "GRE"]
[SourceTitle "EXT 2024"]
[Source "ChessBase"]
[SourceDate "2023.10.10"]
[SourceVersion "1"]
[SourceVersionDate "2023.10.10"]
[SourceQuality "1"]

1. d4 e6 2. c4 Nf6 3. Nc3 Bb4 4. Nf3 b6 5. Bg5 Bb7 6. e3 h6 7. Bh4 g5 8. Bg3 Ne4 9. Qc2 Bxc3+ 10. bxc3 Nxg3 11. hxg3 d6 12. Bd3 Nd7 13. Be4 c6 14. Qa4 d5 15. cxd5 exd5 16. Bd3 a5 17. 0-0 0-0 18. Rab1 Qc7 19. Rfe1 c5 20. Rec1 c4 21. Bf5 Bc6 22. Qc2 Rfe8 23. Qe2 b5 24. Nh2 Nf6 25. Ng4 Nxg4 26. Qxg4 Qe7 27. Bc2 Bd7 28. Qf3 Qd6 29. a3 Kg7 30. Ra1 Rab8 31. Rcb1 Qe6 32. Rb2 Rb6 33. Rab1 Qd6 34. Ba4 Reb8 35. Bc2 Qxa3 36. Qxd5 Be6 37. Qe5+ Kg8 38. d5 Bd7 39. Qd4 Qd6 40. e4 Qc7 41. e5 Kg7 42. e6+ Kg8 43. exd7 Qxd7 44. Qe4 f6 45. Qg6+ Qg7 46. Qf5 b4 47. Qe4 b3 48. Bd1 Qc7 49. Ra1 Ra6 50. Ra4 Qe5 51. Qxe5 fxe5 52. Be2 Rc8 53. Rxc4 Rb8 54. Ra4 1-0

[Event "Wch U10"]
[Site "Batumi"]
[Date "2022.09.25"]
[Round "9"]
[White "Stanica, Andrei"]
[Black "Sobirov, Afruzbek"]
[Result "0-1"]
[WhiteElo "1524"]
[BlackElo "1147"]
[PlyCount "76"]
[EventDate "2022.09.16"]
[EventType "swiss"]
[EventRounds "11"]
[EventCountry "GEO"]
[SourceTitle "EXT 2023"]
[Source "ChessBase"]
[SourceDate "2022.10.05"]
[SourceVersion "1"]
[SourceVersionDate "2022.10.05"]
[SourceQuality "1"]

1. e4 e6 2. d4 d5 3. Nc3 Nf6 4. Bg5 Bb4 5. e5 h6 6. Bd2 Bxc3 7. bxc3 Ne4 8. Qg4 g6 9. Qf4 c5 10. Bd3 Nxd2 11. Qxd2 Nc6 12. Nf3 c4 13. Be2 b5 14. 0-0 a5 15. a3 Qe7 16. Rfb1 Ba6 17. h3 Kd7 18. Nh2 h5 19. Nf3 Rhb8 20. Ng5 b4 21. axb4 axb4 22. cxb4 c3 23. Qxc3 Bxe2 24. Rxa8 Rxa8 25. Nh7 Bb5 26. Nf6+ Kc7 27. Qb2 Kb6 28. c3 Qa7 29. Qc2 Kc7 30. Nh7 Qa4 31. Qc1 Bd3 32. Rb2 Qa1 33. Qxa1 Rxa1+ 34. Kh2 Ra3 35. b5 Nd8 36. b6+ Kb7 37. Nf6 Kc6 38. Ne8 Ra6 0-1